| 000 | 00489nam a22001817a 4500 | ||
|---|---|---|---|
| 003 | CEME | ||
| 005 | 20210628205630.0 | ||
| 008 | 210309b xxu||||| |||| 00| 0 eng d | ||
| 020 | _a0-395-74886-0 | ||
| 040 | _c. | ||
| 082 | _a658.31 FIS | ||
| 100 |
_aFisher, Cynthia D Shaw, James B Schoenfeldt, Lyle F _976357 |
||
| 245 | _aHuman resouces management | ||
| 260 |
_aBOSTON _bHOUGHTON MIFFLIN _c1996 |
||
| 300 | _a877P | ||
| 650 |
_aMANAGEMENT-HUMAN RESOUCES _976358 |
||
| 942 |
_cBK _2ddc |
||
| 999 |
_c581749 _d581749 |
||